Влияние занятий фитнесом на биологический возраст женщин; Инновационные технологии в машиностроении

書誌詳細
Parent link:Инновационные технологии в машиностроении.— 2017.— [С. 271-273]
第一著者: Счастливцева И. В. Ирина Владиславовна
団体著者: Национальный исследовательский Томский политехнический университет (ТПУ) Юргинский технологический институт (филиал) (ЮТИ) Кафедра безопасности жизнедеятельности, экологии и физического воспитания (БЖДЭФВ)
要約:Заглавие с экрана
В данной статье рассматриваются такие понятия как хронологический и биологический возраст, факторы, от которых зависит биологический возраст. В работе анализируется влияние занятий физическими упражнениями на изменение биологического возраста женщин занимающихся фитнесом.
This article discusses concepts such as chronological and biological age, the factors that affect biological age. This paper analyzes the influence of physical exercises on the change of biological age of women involved in fitness.
言語:ロシア語
出版事項: 2017
シリーズ:Защита окружающей среды, безопасность и охрана труда на предприятиях
主題:
オンライン・アクセス:http://earchive.tpu.ru/handle/11683/38668
フォーマット: MixedMaterials 電子媒体 図書の章
KOHA link:https://koha.lib.tpu.ru/cgi-bin/koha/opac-detail.pl?biblionumber=622588

MARC

LEADER 00000naa2a2200000 4500
001 622588
005 20231102024000.0
035 |a (RuTPU)RU\TPU\conf\21357 
035 |a RU\TPU\conf\21356 
090 |a 622588 
100 |a 20170525d2017 k y0rusy50 ca 
101 0 |a rus  |d eng 
102 |a RU 
105 |a y z 101zy 
135 |a drgn ---uucaa 
181 0 |a i  
182 0 |a b 
200 1 |a Влияние занятий фитнесом на биологический возраст женщин  |f И. В. Счастливцева 
203 |a Текст  |c электронный 
225 1 |a Защита окружающей среды, безопасность и охрана труда на предприятиях 
230 |a 1 компьютерный файл (pdf; 122 Kb) 
300 |a Заглавие с экрана 
320 |a [Библиогр.: с. 273 (4 назв.)] 
330 |a В данной статье рассматриваются такие понятия как хронологический и биологический возраст, факторы, от которых зависит биологический возраст. В работе анализируется влияние занятий физическими упражнениями на изменение биологического возраста женщин занимающихся фитнесом. 
330 |a This article discusses concepts such as chronological and biological age, the factors that affect biological age. This paper analyzes the influence of physical exercises on the change of biological age of women involved in fitness. 
463 0 |0 (RuTPU)RU\TPU\conf\21273  |t Инновационные технологии в машиностроении  |o сборник трудов VIII Международной научно-практической конференции, 18-20 мая 2017 г., Юрга  |f Национальный исследовательский Томский политехнический университет (ТПУ), Юргинский технологический институт (ЮТИ) ; под ред. Д. А. Чинахова  |v [С. 271-273]  |d 2017 
610 1 |a труды учёных ТПУ 
610 1 |a электронный ресурс 
610 1 |a биологический возраст 
610 1 |a физические упражнения 
610 1 |a фитнес 
610 1 |a женщины 
610 1 |a тренировочные процессы 
700 1 |a Счастливцева  |b И. В.  |c специалист в области естествознания  |c старший преподаватель Юргинского технологического института (филиала) Томского политехнического университета  |f 1965-  |g Ирина Владиславовна  |2 stltpush  |3 (RuTPU)RU\TPU\pers\24282  |9 10748 
712 0 2 |a Национальный исследовательский Томский политехнический университет (ТПУ)  |b Юргинский технологический институт (филиал) (ЮТИ)  |b Кафедра безопасности жизнедеятельности, экологии и физического воспитания (БЖДЭФВ)  |h 2240  |2 stltpush  |3 (RuTPU)RU\TPU\col\18930 
801 2 |a RU  |b 63413507  |c 20171228  |g RCR 
856 4 |u http://earchive.tpu.ru/handle/11683/38668 
942 |c BK